000 00842nam a22002777a 4500
003 EG-ScBUE
005 20220104135448.0
008 110606r20061994nyu f 000 1 eng d
020 _a0061235261
020 _a9780061235269
040 _aEG-ScBUE
_beng
_erda
_cEG-ScBUE
_dEG-ScBUE
082 0 4 _222
_a823.912
_bJOY
100 1 _924766
_aJoyce, B. D.,‏
_d1954-
_eauthor.
245 1 0 _aAfter innocence /
_cBrenda Joyce.
250 _aReprint edition.
264 1 _aNew York :
_bAvon Books,
_c2006.
300 _a422 pages ;
_c20 cm
336 _2rdacontent
_atext
_btxt
337 _2rdamedia
_aunmediated
_bn
338 _2rdacarrier
_avolume
_bnc
650 7 _924767
_aWomen with disabilities
_vFiction.
_2BUEsh
651 _2BUEsh
653 _cJune2011
_dBestSellers
_bHHUUEENN
655 _aLove stories.
_vReading book
942 _2ddc
_cBB
999 _c15555
_d15555